书目信息 |
| 题名: |
新编简明临床实用大全
|
|
| 作者: | 汤福广 主编 | |
| 分册: | ||
| 出版信息: | 北京 中医古籍出版社 1998 |
|
| 页数: | 10,352页 | |
| 开本: | 20cm | |
| 丛书名: | ||
| 单 册: | ||
| 中图分类: | R4-62 | |
| 科图分类: | ||
| 主题词: | 临床医学--手册 | |
| 电子资源: | ||
| ISBN: | 978-7-80013-818-8 | |
| 000 | 00755nam0 2200229 450 | |
| 001 | 0100063771 | |
| 005 | 20020928000000.0 | |
| 010 | @a978-7-80013-818-8@dCNY20.00 | |
| 100 | @a20010104d1998 em y0chiy0110 ea | |
| 101 | 0 | @achi |
| 102 | @aCN@b110000 | |
| 105 | @ay z 000yy | |
| 106 | @ar | |
| 200 | 1 | @a新编简明临床实用大全@9Xin Bian Jian Ming Lin Chuang Shi Yong Da;Dai Quan @f汤福广主编@b专著 |
| 210 | @a北京@c中医古籍出版社@d1998 | |
| 215 | @a10,352页@d20cm | |
| 330 | @a本书概括临床各科(包括急诊)常见疾病的诊治、临床常用药物、临床检验、特殊检查、诊疗技术操作和诊断学基础知识。 | |
| 606 | 0 | @a临床医学@j手册 |
| 690 | @aR4-62@v4 | |
| 701 | 0 | @a汤福广@9tang fu guang@4主编 |
| 801 | 0 | @aCN@bAiZhiMarc@c20010110 |
| 905 | @aBZT@dR4@e198@f4@sR4/198 | |
| 新编简明临床实用大全/汤福广主编.-北京:中医古籍出版社,1998 |
| 10,352页;20cm |
| ISBN 978-7-80013-818-8:CNY20.00 |
| 本书概括临床各科(包括急诊)常见疾病的诊治、临床常用药物、临床检验、特殊检查、诊疗技术操作和诊断学基础知识。 |
| ● |
| 相关链接 |
|
|
|
正题名:新编简明临床实用大全
索取号:R4/198
 
预约/预借
| 序号 | 登录号 | 条形码 | 馆藏地/架位号 | 状态 | 备注 |
| 1 | 2000040303 | 2000040303 | 旧书回溯/ [索取号:R4/198] | 在馆 | |
| 2 | 2000040304 | 2000040304 | 旧书回溯/ [索取号:R4/198] | 在馆 | |
| 3 | 2000117658 | 2000117658 | 旧书回溯/ [索取号:R4/198] | 在馆 | |
| 4 | 2000118143 | 2000118143 | 旧书回溯/ [索取号:R4/198] | 在馆 |